| 000 | 00404 a2200121 4500 | ||
|---|---|---|---|
| 005 | 20250820073253.0 | ||
| 082 | _a657 NBA | ||
| 111 | _aNBAA | ||
| 245 | _aC1 - Corporate reporting, C2 - Auditing and assuarance, C3 - Business and corporate finance, C4 - Public finance and taxaTion II: Final stage Q&A | ||
| 260 |
_aDar es Salaam _bNBAA _cMay, 2016 |
||
| 300 |
_a106p.: ill. ; Table _c20cm |
||
| 942 |
_2ddc _cBKS |
||
| 999 |
_c6775 _d6775 |
||